Message from the President of the United States returning without approval the bill (S. 660), entitled "An act to prevent certain deductions in determining parity or comparable prices of agricultural commodities, and for other purposes".

Bibliographic Details
Corporate Author: ProQuest (Firm)
Format: eBook
Language:English
Published: Washington : [publisher not identified], 1943.
Series:United States congressional serial set.
Subjects:
Online Access:Connect to the full text of this electronic book

MARC

Tag First Indicator Second Indicator Subfields
LEADER 00000cam a22000001a 4500
001 in00003072421
005 20190403173529.0
006 m o d
007 cr un mmmapmmp
008 080226s1943 dcu o f000 0 eng d
035 |a cis2004216850 
040 |a UMI  |c UMI  |d UtOrBLW 
043 |a n-us--- 
099 |a ProQuest Serial Set Number 10773 S.doc.23 
245 0 0 |a Message from the President of the United States returning without approval the bill (S. 660), entitled "An act to prevent certain deductions in determining parity or comparable prices of agricultural commodities, and for other purposes". 
246 1 |a Veto message on bill to prevent certain deductions in determining parity prices of agricultural commodities 
264 1 |a Washington :  |b [publisher not identified],  |c 1943. 
300 |a 1 online resource. 
336 |a text  |b txt  |2 rdacontent 
337 |a computer  |b c  |2 rdamedia 
338 |a online resource  |b cr  |2 rdacarrier 
490 0 |a S.doc.23 
500 |a Record is based on bibliographic data in ProQuest U.S. Serial Set Digital Collection (last viewed Feb. 2008). Reuse except for individual research requires license from ProQuest, LLC. 
510 3 |a ProQuest U.S. Serial Set Digital Collection 
500 |a Electronic resource. 
650 0 |a Farm produce. 
650 0 |a Agricultural prices. 
650 0 |a Prices. 
655 7 |a Electronic books.  |2 local 
710 2 |a ProQuest (Firm) 
830 0 |a United States congressional serial set. 
856 4 0 |u http://proxy.library.tamu.edu/login?url=http://congressional.proquest.com/congcomp/getdoc?SERIAL-SET-ID=10773+S.doc.23  |z Connect to the full text of this electronic book  |t 0 
999 |a MARS 
999 f f |s 79c474b1-eb9c-3af3-998d-49471a15907d  |i 34b78e1a-e31f-3790-9f11-cc916be8cc3c  |t 0 
952 f f |a Texas A&M University  |b College Station  |c Electronic Resources  |d Available Online  |t 0  |e ProQuest Serial Set Number 10773 S.doc.23  |h Other scheme 
998 f f |a ProQuest Serial Set Number 10773 S.doc.23  |t 0  |l Available Online